The Anvik-Andreafski region, Alaska (including the Marshall district) (Record no. 25926)

MARC details
000 -LEADER
fixed length control field 00802cam a22002291 4500
001 - CONTROL NUMBER
control field gs 19000179
003 - CONTROL NUMBER IDENTIFIER
control field DLC
005 - DATE AND TIME OF LATEST TRANSACTION
control field 20260227111323.0
008 - FIXED-LENGTH DATA ELEMENTS--GENERAL INFORMATION
fixed length control field 780919s1918 dcufb f000 0 eng c
010 ## - LIBRARY OF CONGRESS CONTROL NUMBER
LC control number gs 19000179
035 ## - SYSTEM CONTROL NUMBER
System control number (OCoLC)4234290
040 ## - CATALOGING SOURCE
Original cataloging agency U.S. Geol. Survey. Library
Transcribing agency TxU
Modifying agency DLC
050 00 - LIBRARY OF CONGRESS CALL NUMBER
Classification number QE75
Item number .B9 no. 683
051 ## - LIBRARY OF CONGRESS COPY, ISSUE, OFFPRINT STATEMENT
Classification number QE84.A5
Item number H3
100 1# - MAIN ENTRY--PERSONAL NAME
Personal name Harrington, George Leavitt,
Dates associated with a name 1883-
245 14 - TITLE STATEMENT
Title The Anvik-Andreafski region, Alaska (including the Marshall district)
Statement of responsibility, etc. by George L. Harrington.
260 ## - PUBLICATION, DISTRIBUTION, ETC.
Place of publication, distribution, etc. Washington,
Name of publisher, distributor, etc. Govt. Print. Off.,
Date of publication, distribution, etc. 1918.
300 ## - PHYSICAL DESCRIPTION
Extent 70 p.
Other physical details vii pl. (incl. 4 fold. maps in pocket) on 6 l.
Dimensions 24 cm.
410 20 - SERIES STATEMENT/ADDED ENTRY--CORPORATE NAME [OBSOLETE, CAN/MARC], [LOCAL, USA]
Corporate name or jurisdiction name as entry element Geological Survey (U.S.).
Title of a work Bulletin
Volume number/sequential designation 683
500 ## - GENERAL NOTE
General note At head of title: Department of the Interior.
650 #0 - SUBJECT ADDED ENTRY--TOPICAL TERM
Topical term or geographic name entry element Geology
Geographic subdivision Alaska.

No items available.

Powered by Koha